Von Australiern am häufigsten besuchte Länder - Statistiken

Allgemein
  • Dieses Quiz wurde 39 mal gespielt
  • Das Durchschnittsergebnis liegt bei 12 aus 15
Antwortstatistiken
# Land % Korrekt
509,100 Japan
97%
667,100 Vereinigte Staaten
97%
446,570 China
94%
1,263,530 Neuseeland
94%
604,980 Vereinigtes Königreich
91%
1,368,050 Indonesien
88%
500,870 Thailand
88%
488,980 Indien
79%
157,510 Frankreich
76%
332,640 Vietnam
76%
311,760 Italien
68%
241,790 Malaysia
65%
326,200 Singapur
62%
387,470 Fidschi
59%
233,170 Philippinen
47%
Keine übereinstimmenden Quizze gefunden
Verteilung der Resultate
Anzahl Personen mit jedem Resultat
Perzentil nach korrekt beantworteten Fragen
Ihre Resultats-Entwicklung
Sie haben dieses Quiz noch nicht gespielt